| 000 | 00345nam a2200133Ia 4500 | ||
|---|---|---|---|
| 005 | 20251222155101.0 | ||
| 008 | 251222s9999||||xx |||||||||||||| ||spa|| | ||
| 082 | _aMEQ.250 | ||
| 100 | _aLUNA TORRE, LEONOR. | ||
| 245 | 0 | _aEl ancino de hoy nuestra prioridad el cuidado de enfermerÃa | |
| 250 | _a1ra. ed. | ||
| 264 | _bUnibiblos | ||
| 942 | _cLIB | ||
| 999 |
_c37686 _d37686 |
||